000 00568nam a2200205Ia 4500
005 20250923150059.0
008 008 250917s9999 xx 000 0 eng d
037 _aTextual
040 _aDSWL
_beng
_cDSWL
041 _aeng
_2eng
084 _qDSWL
100 _aCopley, Antony
_9841995
245 0 _aGurus and their followers: New religions reform movements
_c by AntonyCopley
260 _aThousand Oaks
_b Sage Publications
_c1998
300 _a177p.
365 _aINR
_b1810.55
925 _g1810.55
942 _cTEXL
999 _c1459327
_d1459327